• 首页
  • 本馆介绍
  • 公告通知
  • 最新文献
  • 馆藏检索
  • 电子资源
  • 读者导购
  • 参考咨询
  • 我的图书馆
  • 登录
  • 详细信息显示
  • 放入我的书架
  • 预约/预借图书
  • 作者相关作品
  • 分类相关作品
  • 丛书相关作品
  • 出版社相关作品

书目信息

  • 表格格式
  • 工作单格式
  • 卡片格式
题名:
西洋歌剧咏叹调大全:轻型抒情男高音(一)
    
 
作者:
分册:  
出版信息: 北京   文化艺术出版社  
页数: 224页
开本: 24cm
丛书名:
单 册:
中图分类: J653.2
科图分类:
主题词: 外国音乐--作品 , 音乐--各国--作品
电子资源:
ISBN: 978-7-5039-3658-6
000 00592nam0 2200181 450
001 202410164112329126
005 20241101084414.21
010    @a978-7-5039-3658-6@dCNY48.00
100    @a20241016d km y0chiy0120 ea
101 0  @achi
200 1  @a西洋歌剧咏叹调大全:轻型抒情男高音(一)@AXi Yang Ge Ju Yong Tan Diao Da Quan:Qing Xing Shu Qing Nan Gao Yin(Yi)
210    @a北京@c文化艺术出版社
215    @a224页@d24cm
606 0  @a外国音乐@x作品
606 0  @a音乐@y各国@x作品
690    @aJ653.2@v4
801  0 @aCN@b大连网信软件有限公司图书馆·11@c20241101
905    @aZUCC@b1058804@dJ653.2@e820@f1
    
    西洋歌剧咏叹调大全:轻型抒情男高音(一).-北京:文化艺术出版社
    224页;24cm
    
    
    ISBN 978-7-5039-3658-6:CNY48.00
    
●
相关链接 在E读中查询图书 在五车中查询图书 在当当中查询图书 在豆瓣中查询图书


正题名:西洋歌剧咏叹调大全:轻型抒情男高音(一)     索取号:J653.2/820         预约/预借

序号 登录号 条形码 馆藏地/架位号 状态 备注
1 1058804   210588041   密集书库-音乐系/ [索取号:J653.2/820] 在馆    
唐山师范学院图书馆 欢迎您!
大连网信软件有限公司© 版权所有